书目信息 |
| 题名: |
城市角落与记忆
|
|
| 作者: | 张鸿雁 , 胡小武 主编 | |
| 分册: | Ⅱ 社会更替视角 | |
| 出版信息: | 南京 东南大学出版社 2008.08 |
|
| 页数: | 273页 | |
| 开本: | 24cm | |
| 丛书名: | 城市角落与记忆丛书 | |
| 单 册: | ||
| 中图分类: | C28 | |
| 科图分类: | ||
| 主题词: | 城市社会学--cheng shi she hui xue--研究--中国 | |
| 电子资源: | ||
| ISBN: | 978-7-5641-1175-5 | |
| 000 | 01197nam 2200301 450 | |
| 001 | 012009486890 | |
| 005 | 20090917134543.56 | |
| 010 | @a978-7-5641-1175-5@dCNY29.00 | |
| 100 | @a20090917d2008 em y0chiy0120 ea | |
| 101 | 0 | @achi |
| 102 | @aCN@b320000 | |
| 105 | @aa a 000yy | |
| 106 | @ar | |
| 200 | 1 | @a城市角落与记忆@Acheng shi jiao luo yu ji yi@hⅡ@i社会更替视角@f张鸿雁, 胡小武主编@Fzhang hong yan,hu xiao wu zhu bian |
| 210 | @a南京@c东南大学出版社@d2008.08 | |
| 215 | @a273页@c图@d24cm | |
| 225 | 2 | @a城市角落与记忆丛书@Acheng shi jiao luo yu ji yi cong shu |
| 300 | @a南京大学国家“985”工程城市科学研究平台项目 | |
| 320 | @a有书目 | |
| 330 | @a本书通过对城市角落、部落、社区的专业调查,展示当今中国城市的保护与发展、传承与升华、生存与选择,记录城市社会结构的历史变迁细节,为城市化发展贡献更为鲜活的研究与调查成果,使城市建设得以和谐发展。 | |
| 410 | 0 | @12001 @a城市角落与记忆丛书 |
| 517 | 1 | @a社会更替视角@Ashe hui geng ti shi jiao |
| 606 | 0 | @a城市社会学@Acheng shi she hui xue@x研究@y中国 |
| 690 | @aC28@v4 | |
| 701 | 0 | @a张鸿雁@Azhang hong yan@4主编 |
| 701 | 0 | @a胡小武@Ahu xiao wu@4主编 |
| 801 | 0 | @aCN@bQSSK@c20090917 |
| 905 | @b753486-90@dC28@eZ118:2@f5 | |
| 城市角落与记忆.Ⅱ.社会更替视角/张鸿雁, 胡小武主编.-南京:东南大学出版社,2008.08 |
| 273页:图;24cm.-(城市角落与记忆丛书) |
| 南京大学国家“985”工程城市科学研究平台项目 |
| ISBN 978-7-5641-1175-5:CNY29.00 |
| 本书通过对城市角落、部落、社区的专业调查,展示当今中国城市的保护与发展、传承与升华、生存与选择,记录城市社会结构的历史变迁细节,为城市化发展贡献更为鲜活的研究与调查成果,使城市建设得以和谐发展。 |
| ● |
| 相关链接 |
|
|
|
正题名:城市角落与记忆
索取号:C28/Z118:2
 
预约/预借
| 序号 | 登录号 | 条形码 | 馆藏地/架位号 | 状态 | 备注 |
| 1 | 753486 | 207534863 | 社科库509/509社科库 53排7列2层/ [索取号:C28/Z118:2] | 在馆 | |
| 2 | 753487 | 207534872 | 社科库509/509社科库 53排7列2层/ [索取号:C28/Z118:2] | 在馆 | |
| 3 | 753488 | 207534881 | 社科库509/509社科库 53排7列2层/ [索取号:C28/Z118:2] | 在馆 | |
| 4 | 753489 | 207534890 | 社科库509/509社科库 53排7列2层/ [索取号:C28/Z118:2] | 在馆 | |
| 5 | 753490 | 207534907 | 社科库509/509社科库 53排7列2层/ [索取号:C28/Z118:2] | 在馆 |